00803cam a22002531 4500001001300000003000400013005001700017008004100034010001700075035001900092040001800111042001200129050002400141100003400165245007600199250001400275260001800289300004300307410005400350500004900404650005900453650002000512999001700532sa 64000928 DLC20260227111959.0770209s1961 pk a 000 0 eng  asa 64000928  a(OCoLC)2727726 aDLCcViUdDLC apremarc00aKNS40.P64bA36 19612 aAhmad Khan, Muin-ud-din,eed.10aSelections from Bengal government records on Wahhabi trials (1863-1870) a[1st ed.] aDacca,c1961. axviii, 429 p.billus., tables.c24 cm.20aAsiatic Society of Pakistan.tPublication,vno. 8 aStamped on t. p.: Tippera Book Depot, Dacca. 0aTrials (Political crimes and offenses)zIndiazBengal. 0aWahhābīyah. c56490d56490